000 00539nam a2200205Ia 4500
003 OSt
005 20230403113602.0
008 210423s2000 xx 000 0 und d
020 _a81-7167-437-2
040 _cAL
041 _aeng
082 _a823.8
_223
_bHART
100 _aHARDY (Thomas)
_982516
245 _aTess of the durbervilles: a pure women
260 _aNew Delhi
_bRupa and Company
_c2000
300 _a448
_bPB
650 _aEnglish Fiction
_982517
906 _adurbervilles: ; pure ; Tess ; women
942 _2ddc
_cBK
999 _c169088
_d169088